Guerra y paz en la costa atlántica

Guardado en:
Bibliografiske detaljer
Format: Texto
Fag:
Tags: Tilføj Tag
Ingen Tags, Vær først til at tagge denne postø!

MARC

LEADER 00000 a a2200000 04500
001 6994
003
040
245 |a Guerra y paz en la costa atlántica  
650 |a GUERRA CIVIL  
650 |a GRUPOS ETNICOS  
650 |a PAZ  
650 |a MINORIAS ETNICAS  
650 |a INDEPENDENCIA  
650 |a ZONAS LITORALES  
650 |a AMERINDIOS  
773 |g número 52; páginas 1c-15c  
999 |c 25254  |d 25254